<?xml version="1.0" encoding="UTF-8"?>
<record
    xmlns:xsi="http://www.w3.org/2001/XMLSchema-instance"
    xsi:schemaLocation="http://www.loc.gov/MARC21/slim http://www.loc.gov/standards/marcxml/schema/MARC21slim.xsd"
    xmlns="http://www.loc.gov/MARC21/slim">

  <leader>01241nam a2200289 a 4500</leader>
  <controlfield tag="001">BRCA_2319</controlfield>
  <controlfield tag="005">20190320203747.0</controlfield>
  <controlfield tag="008">080114s2007    ne-a---##b---#001-0#eng-c</controlfield>
  <datafield tag="020" ind1=" " ind2=" ">
    <subfield code="a">9789004164178 (Chazen)</subfield>
  </datafield>
  <datafield tag="020" ind1=" " ind2=" ">
    <subfield code="a">9789004155398 (Hotei)</subfield>
  </datafield>
  <datafield tag="040" ind1=" " ind2=" ">
    <subfield code="a">BTCTA</subfield>
    <subfield code="c">BTCTA</subfield>
    <subfield code="d">YDXCP</subfield>
  </datafield>
  <datafield tag="050" ind1=" " ind2="4">
    <subfield code="a">NE1321.85.U8</subfield>
    <subfield code="b">.M84 2007</subfield>
  </datafield>
  <datafield tag="100" ind1="1" ind2=" ">
    <subfield code="a">Mueller, Laura J.</subfield>
    <subfield code="9">6970</subfield>
  </datafield>
  <datafield tag="245" ind1="1" ind2="0">
    <subfield code="a">Competition and Collaboration</subfield>
    <subfield code="b">Japanese Prints of the Utagawa School</subfield>
    <subfield code="c">Laura J. Mueller ; with essays by Fujisawa Akane, Kobayashi Tadashi &amp; Ellis Tinios.</subfield>
  </datafield>
  <datafield tag="260" ind1=" " ind2=" ">
    <subfield code="a">Leiden, Boston</subfield>
    <subfield code="b">Hotei Publishing</subfield>
    <subfield code="c">2007</subfield>
  </datafield>
  <datafield tag="300" ind1=" " ind2=" ">
    <subfield code="a">231 p.</subfield>
    <subfield code="b">il. (algunas a color)</subfield>
    <subfield code="c">31 cm.</subfield>
  </datafield>
  <datafield tag="500" ind1=" " ind2=" ">
    <subfield code="a">Cat&#xE1;logo de la exposici&#xF3;n realizada en el Chazen Museum of Art (Madison, Wisconsin), 3 noviembre, 2007 - 6 enero, 2008 y en The Brooklyn Museum (Brooklyn, New York), 21 marzo - 15 junio, 2008</subfield>
  </datafield>
  <datafield tag="500" ind1=" " ind2=" ">
    <subfield code="a">Incluye biograf&#xED;as de artistas, glosario e &#xED;ndice alfab&#xE9;tico</subfield>
  </datafield>
  <datafield tag="504" ind1=" " ind2=" ">
    <subfield code="a">Bibliograf&#xED;a : p. 224-226</subfield>
  </datafield>
  <datafield tag="610" ind1="2" ind2="4">
    <subfield code="a">Utagawa School of Ukiyoe</subfield>
    <subfield code="9">6971</subfield>
  </datafield>
  <datafield tag="650" ind1="1" ind2="4">
    <subfield code="a">Estampado japon&#xE9;s</subfield>
    <subfield code="9">6972</subfield>
  </datafield>
  <datafield tag="650" ind1="1" ind2="4">
    <subfield code="a">Grabado japon&#xE9;s</subfield>
    <subfield code="9">6973</subfield>
  </datafield>
  <datafield tag="700" ind1="1" ind2=" ">
    <subfield code="a">Fujisawa, Akane</subfield>
    <subfield code="d">1971-</subfield>
    <subfield code="9">6974</subfield>
  </datafield>
  <datafield tag="700" ind1="1" ind2=" ">
    <subfield code="a">Kobayashi, Tadashi</subfield>
    <subfield code="d">1941-</subfield>
    <subfield code="9">1160</subfield>
  </datafield>
  <datafield tag="700" ind1="1" ind2=" ">
    <subfield code="a">Tinios, Ellis</subfield>
    <subfield code="9">6975</subfield>
  </datafield>
  <datafield tag="942" ind1=" " ind2=" ">
    <subfield code="2">lcc</subfield>
    <subfield code="c">B</subfield>
  </datafield>
  <datafield tag="999" ind1=" " ind2=" ">
    <subfield code="c">2064</subfield>
    <subfield code="d">2064</subfield>
  </datafield>
  <datafield tag="952" ind1=" " ind2=" ">
    <subfield code="0">0</subfield>
    <subfield code="1">0</subfield>
    <subfield code="4">0</subfield>
    <subfield code="7">0</subfield>
    <subfield code="a">BRCA</subfield>
    <subfield code="b">BRCA</subfield>
    <subfield code="d">2008-09-09</subfield>
    <subfield code="l">0</subfield>
    <subfield code="o">NE1321.85.U8 .M84 2007</subfield>
    <subfield code="p">00918</subfield>
    <subfield code="r">2019-03-22 00:00:00</subfield>
    <subfield code="w">2019-03-22</subfield>
    <subfield code="y">B</subfield>
  </datafield>
</record>
